00310nam a2200121Ia 4500008004100000040001700041041001200058082001800070100001800088245002800106260003900134300001500173230917s9999||||xx |||||||||||||| ||und|| e186323aMAIN aEnglish a005.432 L515W aLee, Wei-Meng 0aWindow 7: Up and runing aNew DelhibShroff Publishersc2009 aiX, 185 p.